000 00505nam a22001577a 4500
999 _c27357
_d27357
003 BDDh-ASL
005 20231015030746.0
008 211102n xx ||||| |||| 00| 0 u d
040 _aBDDh-ASL
_cBDDh-ASL
082 _a297.3
_bMUN
245 0 0 _aMunjil Mumineen Min Kaidil Hasidin : / منجی الم‏ؤ منين من کيد الحاسدين
300 _a168 p. :
_c25 cm.
505 _aPartly damaged . Pages are Missing From Both Sides .
650 0 _95142
_a Islamic Discourse
942 _2ddc
_cBK